| 000 | 00986naa a22002897u 4500 | ||
|---|---|---|---|
| 001 | 06597 | ||
| 003 | HDC | ||
| 007 | t 000 0 eng | ||
| 008 | 210124s2009 flu eng | ||
| 040 | _aHDC | ||
| 100 |
_aO'Brien, Richard D., _eauthor _97034 |
||
| 245 | 0 |
_aFats and Oils: Formulating and Processing for Applications : _bFats and Oils Processing / _cby Richard D. O'Brien |
|
| 250 | _aThird edition | ||
| 260 |
_aBoca Raton : _bCRC Press, _c2009 |
||
| 300 | _a124 pages | ||
| 336 |
_atext _2rdacontent |
||
| 337 |
_acomputer _2rdamedia |
||
| 338 |
_aonline resource _2rdacarrier |
||
| 500 | _aOriginal from book | ||
| 650 |
_aFats _97036 |
||
| 650 |
_aOils and fats, Edible _96618 |
||
| 650 |
_aOils _97035 |
||
| 856 | _zRequest full-text at [email protected] | ||
| 942 | _2lcc | ||
| 942 | _cCHAP | ||
| 942 | _kEBCH 000263 | ||
| 999 |
_c3921 _d3921 |
||